| 000 | 00465nam a2200181Ia 4500 | ||
|---|---|---|---|
| 001 | 58591 | ||
| 008 | 150519n ii |||gr||||Z||||||465 | ||
| 020 | _a978-0-19-806879-2 | ||
| 082 | _a808.1 | ||
| 100 |
_aLennard, _eJohn., |
||
| 245 | 0 |
_aThe Poetry Handbook _cJohn Lennard _hTextual Documents |
|
| 250 | _aIst ed - 1996. | ||
| 260 |
_aDelhi _bOxford university |
||
| 300 |
_a406p: _c23cm. |
||
| 653 | _aLiterature | ||
| 653 | _aG - Literature | ||
| 942 |
_2ddc _cBK |
||
| 999 |
_c58482 _d58482 |
||